Vista normal
Vista MARC
Entrada Personal Name
Número de registros utilizados en: 1
001 - CONTROL NUMBER
- control field: 6316
003 - CONTROL NUMBER IDENTIFIER
- control field: OSt
005 - DATE AND TIME OF LATEST TRANSACTION
- control field: 20200628165554.0
008 - FIXED-LENGTH DATA ELEMENTS
- fixed length control field: 200628|| aca||aabn | a|a d
040 ## - CATALOGING SOURCE
- Original cataloging agency: OSt
- Transcribing agency: OSt
100 ## - HEADING--PERSONAL NAME
- Personal name: Arenas, Reinaldo,
- Dates associated with a name: 1943-1990
- Fuller form of name: autor
670 ## - SOURCE DATA FOUND
- Source citation: Work cat.: (OSt)3558: Arenas, Reinaldo, 1943-1990 autor, Antes que anochezca /, 2006